000 00565nam a2200181Ia 4500
008 240729s9999 xx 000 0 und d
022 _a2067-8177
245 0 _aBrand Research in Accounting, Negociation and Distribution
260 _aRomania
260 _bEduSoft Publishing Bacau
650 _a Economic theory. Demography
650 _a Economics as a science | Social Sciences
650 _a Social sciences (General)
650 _aSocial Sciences
856 _uhttps://doaj.org/toc/ca1cbea4985a432b9fd9712540deea2e
942 _2ddc
942 _cDOAJEJ
999 _c65919
_d65919
945 _a1
_bMadushi Gamage
_c1
_dMadushi Gamage